[Event "ISR-chT"]
[Site "Israel"]
[Date "2020.02.14"]
[Round "7.2"]
[White "Klar, Nir"]
[Black "Tarnopolsky, Anatoly"]
[Result "1/2-1/2"]
[WhiteElo "2094"]
[BlackElo "2306"]
[PlyCount "27"]
[EventDate "2020.01.10"]
[EventType "team-tourn"]
[EventRounds "11"]
[EventCountry "ISR"]
[SourceTitle "CBM 194 Extra"]
[Source "ChessBase"]
[SourceDate "2020.03.31"]
[SourceVersion "1"]
[SourceVersionDate "2020.03.31"]
[SourceQuality "1"]
[WhiteTeam "Herzliya Atudat Haim"]
[BlackTeam "Petah Tikva Elitzur Dov"]
[WhiteTeamCountry "ISR"]
[BlackTeamCountry "ISR"]

1. e4 e6 2. b3 d5 3. Bb2 dxe4 4. Nc3 Nf6 5. g4 h6 6. Bg2 Bd7 7. Nxe4 Nxe4 8. Bxe4 Bc6 9. Qe2 Qd7 10. Nf3 Bxe4 11. Qxe4 Nc6 12. 0-0-0 0-0-0 13. Rhe1 Qd5 14. Qxd5 1/2-1/2

[Event "ISR-chT"]
[Site "Israel"]
[Date "2020.01.18"]
[Round "4.6"]
[White "Greenfeld, Alon"]
[Black "Klar, Nir"]
[Result "1-0"]
[WhiteElo "2510"]
[BlackElo "2094"]
[PlyCount "45"]
[EventDate "2020.01.10"]
[EventType "team-tourn"]
[EventRounds "11"]
[EventCountry "ISR"]
[SourceTitle "CBM 194 Extra"]
[Source "ChessBase"]
[SourceDate "2020.03.31"]
[SourceVersion "1"]
[SourceVersionDate "2020.03.31"]
[SourceQuality "1"]
[WhiteTeam "Beer Sheva Eliyahu Levant"]
[BlackTeam "Herzliya Atudat Haim"]
[WhiteTeamCountry "ISR"]
[BlackTeamCountry "ISR"]

1. d4 d5 2. c4 e6 3. Nc3 Nf6 4. Nf3 Be7 5. Bf4 0-0 6. e3 c6 7. Bd3 b6 8. e4 dxe4 9. Nxe4 Nxe4 10. Bxe4 Bb7 11. Qc2 f5 12. Bd3 c5 13. d5 g6 14. 0-0-0 exd5 15. cxd5 Nd7 16. h4 Bf6 17. Ng5 Bxg5 18. hxg5 Qc8 19. d6 Ba6 20. Bc4+ Bxc4 21. Qxc4+ Kg7 22. Rde1 Re8 23. Rxh7+ 1-0

[Event "Jerusalem Japhet Memorial op 2nd"]
[Site "Jerusalem"]
[Date "2014.07.20"]
[Round "4"]
[White "Klar, Nir"]
[Black "Parkhov, Yair"]
[Result "1/2-1/2"]
[WhiteElo "2064"]
[BlackElo "1935"]
[PlyCount "192"]
[EventDate "2014.07.16"]
[EventType "swiss"]
[EventRounds "9"]
[EventCountry "ISR"]
[SourceTitle "CBM 161 Extra"]
[Source "ChessBase"]
[SourceDate "2014.08.29"]
[SourceVersion "1"]
[SourceVersionDate "2014.08.29"]
[SourceQuality "1"]

1. e4 e6 2. d4 d5 3. Nd2 c5 4. Ngf3 cxd4 5. Nxd4 Nc6 6. Bb5 Bd7 7. Bxc6 bxc6 8. 0-0 Bd6 9. Re1 Ne7 10. c4 0-0 11. a3 a5 12. b3 Ng6 13. Bb2 Qb8 14. cxd5 cxd5 15. exd5 exd5 16. N2f3 Rd8 17. Rc1 Ra6 18. g3 Qb7 19. Qd3 h6 20. Re3 Rb6 21. Rc3 Bh3 22. Qe2 Qd7 23. Rc1 Bf4 24. Bc3 Bxe3 25. Qxe3 Re8 26. Qd2 a4 27. b4 Qg4 28. Kh1 Rf6 29. Ng1 Ne5 30. Re1 Re7 31. Qc2 Nd3 32. Qxd3 Rxf2 33. Nge2 Bg2+ 34. Kg1 Be4 35. Qxe4 dxe4 36. Kxf2 e3+ 37. Kg1 Qe4 38. b5 h5 39. Rf1 Rb7 40. Rf4 Qd3 41. Bb4 h4 42. gxh4 Rb6 43. h5 Qh7 44. Rf3 Qxh5 45. Rxe3 Rh6 46. h3 Rg6+ 47. Kf1 Rf6+ 48. Ke1 Qg6 49. Rf3 Qb1+ 50. Kf2 Rg6 51. Rg3 Rb6 52. Rf3 Qh1 53. Bc5 Qh2+ 54. Ke1 Rb7 55. Kd2 Qc7 56. Rc3 Qd8 57. Kc2 Qd5 58. b6 Qe4+ 59. Kb2 f5 60. Rf3 g6 61. Kc3 Kh7 62. Kb4 Qb1+ 63. Kxa4 Rb8 64. Rb3 Qe4 65. Kb4 f4 66. a4 g5 67. a5 Qb7 68. Kb5 Ra8 69. Kb4 Qa6 70. Ra3 f3 71. Rxf3 Qxa5+ 72. Kc4 Qa4+ 73. Kd3 Qa6+ 74. Ke3 Kg6 75. Kf2 Qb7 76. Re3 Qd5 77. Re6+ Kf7 78. Re7+ Kg6 79. Re6+ Kf7 80. Bd6 Ra6 81. Be5 Ra1 82. Rf6+ Ke8 83. Rd6 Qxe5 84. Re6+ Qxe6 85. Nxe6 Rb1 86. Nc7+ Kd7 87. Nd5 Kc6 88. Nec3 Rb2+ 89. Kg3 Rd2 90. Kf3 Kb7 91. Ne3 Rd4 92. Ncd5 Rh4 93. Kg3 Rd4 94. Ne7 Kxb6 95. N7f5 Ra4 96. Kf3 Kb7 1/2-1/2

[Event "Jerusalem Japhet Memorial op 2nd"]
[Site "Jerusalem"]
[Date "2014.07.16"]
[Round "1"]
[White "Flom, Gabriel"]
[Black "Klar, Nir"]
[Result "1-0"]
[WhiteElo "2430"]
[BlackElo "2064"]
[PlyCount "101"]
[EventDate "2014.07.16"]
[EventType "swiss"]
[EventRounds "9"]
[EventCountry "ISR"]
[SourceTitle "CBM 161 Extra"]
[Source "ChessBase"]
[SourceDate "2014.08.29"]
[SourceVersion "1"]
[SourceVersionDate "2014.08.29"]
[SourceQuality "1"]

1. d4 d5 2. Bg5 c6 3. e3 Bf5 4. Bd3 Bxd3 5. Qxd3 Nd7 6. Nf3 Ngf6 7. Nbd2 e6 8. 0-0 Be7 9. c4 0-0 10. c5 h6 11. Bf4 Nh5 12. h3 Nxf4 13. exf4 Bf6 14. b4 Qc7 15. g3 b6 16. Nb3 bxc5 17. bxc5 Rfb8 18. Rae1 a5 19. Re3 a4 20. Nbd2 Rb2 21. a3 Qa5 22. g4 Rab8 23. Rd1 Qb5 24. Qc3 Bd8 25. Ree1 Ba5 26. Qe3 Bxd2 27. Nxd2 Qa5 28. Re2 Rc2 29. Rb1 Qc3 30. Qxc3 Rxc3 31. Rxb8+ Nxb8 32. Re3 Rc2 33. Nf3 Ra2 34. f5 Kf8 35. Ne5 exf5 36. gxf5 Rd2 37. Re1 Rb2 38. Kg2 Rb3 39. Re3 Rb1 40. h4 Rb2 41. h5 Rb1 42. Rf3 Rb3 43. f6 gxf6 44. Rxf6 Rxa3 45. Rxf7+ Ke8 46. Rh7 Rb3 47. Rxh6 a3 48. Rh8+ Ke7 49. h6 a2 50. Rh7+ Kf8 51. Rf7+ 1-0